Gerencia de producción y operaciones / (Registro nro. 5763)

Detalles MARC
000 -LEADER
fixed length control field 01298nam a2200289Ia 4500
003 - CONTROL NUMBER IDENTIFIER
control field OSt
005 - DATE AND TIME OF LATEST TRANSACTION
control field 20201029143037.0
008 - FIXED-LENGTH DATA ELEMENTS--GENERAL INFORMATION
fixed length control field 191128t1997 mx ad gr 001 0 spa d
020 ## - INTERNATIONAL STANDARD BOOK NUMBER
International Standard Book Number 9684512449
040 ## - CATALOGING SOURCE
Original cataloging agency CO-JMCR
Transcribing agency CO-JMCR
041 1# - LANGUAGE CODE
Language code of text/sound track or separate title spa
Language code of original eng
082 04 - DEWEY DECIMAL CLASSIFICATION NUMBER
Classification number 658.5 /
Item number M468g
Edition number 23
100 1# - MAIN ENTRY--PERSONAL NAME
Personal name Mayer, Raymon R.,
Relator term autor
9 (RLIN) 12220
245 10 - TITLE STATEMENT
Title Gerencia de producción y operaciones /
Statement of responsibility, etc. Raymond R. Mayer ; traductor, Ernesto Currea G. y Alberto Villegas B. ; revisor, Roberto Rosero H.
260 ## - PUBLICATION, DISTRIBUTION, ETC.
Place of publication, distribution, etc. México ; Bogotá :
Name of publisher, distributor, etc. McGraw-Hill,
Date of publication, distribution, etc. ©1977
300 ## - PHYSICAL DESCRIPTION
Extent 527 páginas :
Other physical details ilustraciones y gráficos a blanco y negro ;
Dimensions 22 cm.
500 ## - GENERAL NOTE
General note Incluye índice.
504 ## - BIBLIOGRAPHY, ETC. NOTE
Bibliography, etc. note Bibliografía: páginas [511]-516
505 0# - FORMATTED CONTENTS NOTE
Formatted contents note Planeación de recursos -- Distribución de servicios y manejo de materiales -- Análisis de gastos de capital -- Control de inventarios -- Control de producción -- Control de calidad -- Métodos de trabajo -- Medición de trabajo e incentivos
534 ## - ORIGINAL VERSION NOTE
Introductory phrase Production and operations management
546 ## - LANGUAGE NOTE
Language note Traducido del inglés
650 14 - SUBJECT ADDED ENTRY--TOPICAL TERM
Topical term or geographic name entry element Gestión de la producción
9 (RLIN) 12221
700 1# - ADDED ENTRY--PERSONAL NAME
Personal name Currea G, Ernesto,
Relator term traductor
9 (RLIN) 12222
700 1# - ADDED ENTRY--PERSONAL NAME
Personal name Villegas B., Alberto,
Relator term traductor
9 (RLIN) 12223
700 1# - ADDED ENTRY--PERSONAL NAME
Personal name Rosero H., Roberto,
Relator term revisor
9 (RLIN) 12224
942 ## - ADDED ENTRY ELEMENTS (KOHA)
Source of classification or shelving scheme Dewey Decimal Classification
Koha item type Books
Existencias
Withdrawn status Lost status Source of classification or shelving scheme Damaged status Not for loan Collection code Home library Current library Date acquired Source of acquisition Total Checkouts Full call number Barcode Date last seen Date last checked out Copy number Koha item type
    Dewey Decimal Classification     Non-fiction Biblioteca Pública José María del Castillo y Rada Biblioteca Pública José María del Castillo y Rada 04/15/2018 Donación 1 658.5 / M468g 430004183 05/16/2024 11/03/2022 Ej.1 Books